Statistics for Cloudiest Global Cities

Click here to take the quiz!

General Stats

  • This quiz has been taken 27 times
  • The average score is 7 of 15

Answer Stats

HoursAnswer% Correct
1447Dublin
87%
1426Edinburgh
78%
1265Glasgow
78%
1416Manchester
70%
1546Brussels
65%
1247Belfast
57%
1328Bogotá
48%
1230Lima
43%
1544Zurich
35%
1073Chengdu
30%
954Chongqing
30%
1581Hamburg
30%
1545Changsha
17%
1373Taipei
17%
1536Xi'an
17%

Score Distribution

Percentile by Number Answered

Percent of People with Each Score

Your Score History

You have not taken this quiz